000 00917nam a2200289 i 4500
001 bgj
100 1 _aFAULKNER, William
_d(1897-1962).
245 1 0 _aNovels 1930-1935 /
_cWilliam Faulkner ; [edited by] Joseph Blotner and Noel Polk.
260 _aNew York :
_bLiterary Classics of the United States,
_cc. 1985.
300 _a1034 pp ;
_c21 cm.
490 1 _aThe Library of America ;
_v25
501 _aContents: As I lay dying; Sanctuary; Light in August; Pylon.
650 9 _aAmerican fiction
_y20th century
700 1 _aBLOTNER, Joseph.
_eed.
700 1 _aPOLK, Noel.
_eed.
740 0 2 _aAs I lay dying
740 0 2 _aSanctuary
740 0 2 _aLight in August
740 0 2 _aPylon
830 _aThe Library of America ;
020 _a0940450267 (hbk, jacket)
040 _cBPK
041 0 _aeng
920 _a0-940450-26-7 (hbk, jacket)
942 _cKS
008 s uk f |000 0 eng
999 _c47218
_d47218
856 _uhttp://koha.tu.koszalin.pl/cgi-bin/koha/opac-detail.pl?biblionumber=47218
_yKatalog online BPK